| 000 | 00588nam a22001817a 4500 | ||
|---|---|---|---|
| 005 | 20151119121745.0 | ||
| 010 | _aENG-114153 | ||
| 020 |
_c225.00 _a9789350350492 |
||
| 035 | _aEN-97685 | ||
| 037 | _bDBAD/PUB | ||
| 082 | _a347.54014092 | ||
| 100 | _aNagaria, Avni | ||
| 245 |
_aJustice VR Krishna Iyer : _cby Avni Nagaria _bour heritage / |
||
| 260 |
_aNew Delhi _bUniversal Law Publishing _c2011 |
||
| 270 |
_aC-FF-1A, Dilkhush Industrial Estate, G.T. Karnal Road, _bNew Delhi _e110033 |
||
| 300 |
_axvi,155p. _c22cm(Hb) |
||
| 942 |
_2ddc _cEN _mIYE _h347.54014092 |
||
| 999 |
_c97438 _d97438 |
||